000 00641nam a2200205 a 4500
001 000031031
003 DO-SdBNP
005 20240301141636.0
007 ta
008 110610s1931 dr 000 | spa d
040 _aDO-SdBNP
_bspa
_cBNPHU
082 _axxx
_bM896c
100 1 _a Moscoso Puello, F. E.,
_q (Francisco Eujenio)
_d1885-1959
_958361
245 1 0 _aConsideraciones sobre la apendicectomía y exposición de una nueva técnica /
_cF. E. Moscoso Puello.
260 _aSanto Domingo :
_bImprenta Montalvo,
_c1931.
300 _a24 p. ;
_c23 cm.
590 _aInventariado, 2022/ YL
910 _aYLockward
942 _2ddc
_cLF2
999 _c30523
_d30523